| 000 | 00639nam a22002057a 4500 | ||
|---|---|---|---|
| 005 | 20251215162810.0 | ||
| 010 | _aENG-145432 ENG-147301 | ||
| 020 |
_a9789361632679 _c420.00 |
||
| 035 | _aEN-128964 | ||
| 035 | _aEN-130833 | ||
| 037 | _bDBAD | ||
| 082 |
_a303.484 _22 |
||
| 245 |
_aBehavioural Changes and Victimixation of Adolescence in Contemporary Society _cEdited by R. Shivakumar |
||
| 250 | _a2 | ||
| 260 |
_aTamil Nadu _bShanlax Publication |
||
| 270 |
_aVasant Nagar, Madurai _bTamil Nadu _e625003 |
||
| 300 |
_a283p. _c22cm.(Pb) |
||
| 700 |
_aR. Shivakumar _982272 |
||
| 942 |
_2ddc _cEN _h303.484 _mBEH _e2 |
||
| 999 |
_c211915 _d211915 |
||